[Event "Ottawa op"]
[Site "Ottawa CAN"]
[Date "1997.??.??"]
[Round "2"]
[White "Apostolov, Penka"]
[Black "Brodie, Hugh"]
[Result "0-1"]
[WhiteElo "2040"]
[BlackElo "2095"]
[PlyCount "134"]
[EventDate "1997.09.27"]
[EventType "swiss"]
[EventRounds "5"]
[EventCountry "CAN"]

1. d4 e6 2. Nf3 f5 3. g3 Nf6 4. Bg2 d5 5. c4 c6 6. O-O Bd6 7. b3 Qe7 8. Bb2 O-O
9. Qc1 Ne4 10. Ba3 Nd7 11. Bxd6 Qxd6 12. Nc3 Ndf6 13. Qe3 Bd7 14. Ne5 Nxc3 15.
Qxc3 Rac8 16. Rfd1 Be8 17. Rac1 Bh5 18. Bf3 Bxf3 19. exf3 Nd7 20. Nxd7 Qxd7 21.
Re1 Rf6 22. Qe3 Rcf8 23. Qf4 dxc4 24. Rxc4 Rd8 25. Qc1 Qd6 26. Re5 Kf7 27. b4
Rd7 28. b5 cxb5 29. Rxb5 Qa6 30. Qb2 Kg6 31. Qb3 b6 32. Rc6 Rxd4 33. Rxe6 Rd6
34. Re7 Qc8 35. Rbe5 Rd7 36. h4 Qc7 37. Qe3 h6 38. g4 Kh7 39. g5 Rf7 40. R7e6
g6 41. gxh6 Rd1+ 42. Kg2 Qc1 43. Qxc1 Rxc1 44. Re7 Rc7 45. Re8 Kxh6 46. Re2 Kh5
47. Rh8+ Rh7 48. Rg8 Kxh4 49. Rxg6 Rhg7 50. Rxg7 Rxg7+ 51. Kf1 Kg5 52. Rc2 b5
53. Ke2 Re7+ 54. Kd3 Kf4 55. Rc5 a6 56. a4 bxa4 57. Ra5 Ra7 58. Rxa4+ Kxf3 59.
Ra2 a5 60. Kd4 f4 61. Ke5 a4 62. Ra3+ Kg4 63. Ra2 a3 64. Ke4 f3 65. Ke3 Re7+
66. Kd3 Re2 67. Rxa3 Rxf2 0-1

[Event "Ottawa op"]
[Site "Ottawa CAN"]
[Date "1997.??.??"]
[Round "4"]
[White "Teuton, Frank"]
[Black "Brodie, Hugh"]
[Result "1-0"]
[WhiteElo "2225"]
[BlackElo "2095"]
[PlyCount "56"]
[EventDate "1997.09.27"]
[EventType "swiss"]
[EventRounds "5"]
[EventCountry "CAN"]

1. e4 c5 2. Nf3 Nf6 3. e5 Nd5 4. Nc3 Nxc3 5. dxc3 g6 6. Bc4 Bg7 7. Bf4 O-O 8.
Qd2 Nc6 9. O-O-O Qa5 10. a3 b5 11. Bd5 Qb6 12. Bh6 Rb8 13. h4 b4 14. cxb4 cxb4
15. a4 e6 16. Be4 b3 17. c3 Qa5 18. Bxg7 Kxg7 19. h5 Qxa4 20. hxg6 fxg6 21.
Qh6+ Kf7 22. Ng5+ Ke8 23. Qxh7 Qa1+ 24. Bb1 Nxe5 25. Qg7 Nf7 26. Rh7 Qa4 27.
Qf6 Qg4 28. Rxf7 Rxf7 1-0

[Event "Ottawa op"]
[Site "Ottawa CAN"]
[Date "1997.??.??"]
[Round "5"]
[White "Brodie, Hugh"]
[Black "Trottier, Stephane"]
[Result "0-1"]
[WhiteElo "2095"]
[BlackElo "2155"]
[PlyCount "74"]
[EventDate "1997.09.27"]
[EventType "swiss"]
[EventRounds "5"]
[EventCountry "CAN"]

1. e4 c5 2. Nf3 d6 3. c3 Nf6 4. Bd3 Nc6 5. Bc2 Bg4 6. h3 Bh5 7. d3 e6 8. Be3
Be7 9. Nbd2 h6 10. O-O g5 11. g4 Bg6 12. d4 cxd4 13. cxd4 h5 14. Bxg5 hxg4 15.
Bxf6 Bxf6 16. hxg4 Bxd4 17. Kg2 Qf6 18. Qe2 Qf4 19. Rg1 Qxg4+ 20. Kf1 Qh3+ 21.
Ke1 Bh5 22. Qd3 Bxf3 23. Nxf3 O-O-O 24. Rg3 Qh1+ 25. Rg1 Ne5 26. Ke2 Qxg1 27.
Rxg1 Nxd3 28. Nxd4 Nxb2 29. Bb3 d5 30. exd5 exd5 31. Rc1+ Nc4 32. Bxc4 dxc4 33.
Rxc4+ Kb8 34. a4 Rd5 35. Ke3 Rhd8 36. Rb4 a5 37. Rb1 Re8+ 0-1

[Event "CAN-op"]
[Site "Winnipeg CAN"]
[Date "1997.??.??"]
[Round "1"]
[White "Strojevs, Alexander"]
[Black "Brodie, Hugh"]
[Result "0-1"]
[WhiteElo "1790"]
[BlackElo "2080"]
[PlyCount "56"]
[EventDate "1997.07.12"]
[EventType "swiss"]
[EventRounds "10"]
[EventCountry "CAN"]

1. d4 e6 2. c4 f5 3. Nf3 Nf6 4. g3 d5 5. Bg2 c6 6. cxd5 exd5 7. O-O Bd6 8. e3
O-O 9. b3 Qe7 10. Nc3 Nbd7 11. Bb2 Ne4 12. Nxe4 fxe4 13. Nd2 Nf6 14. Qe2 Bd7
15. f3 exf3 16. Bxf3 Rae8 17. Rae1 Bh3 18. Bg2 Bxg2 19. Kxg2 Ne4 20. Rxf8+ Rxf8
21. Rf1 Re8 22. Nxe4 Qxe4+ 23. Rf3 Rf8 24. Kf2 Rxf3+ 25. Qxf3 Qb1 26. Qe2 Qxa2
27. e4 dxe4 28. Qc4+ Kf8 0-1

[Event "CAN-op"]
[Site "Winnipeg CAN"]
[Date "1997.??.??"]
[Round "3"]
[White "Brodie, Hugh"]
[Black "Moffat, Ron"]
[Result "1-0"]
[WhiteElo "2080"]
[BlackElo "1715"]
[PlyCount "39"]
[EventDate "1997.07.12"]
[EventType "swiss"]
[EventRounds "10"]
[EventCountry "CAN"]

1. e4 c5 2. Nf3 d6 3. c3 Nf6 4. Bd3 Nc6 5. Bc2 e6 6. O-O Be7 7. d4 cxd4 8. cxd4
O-O 9. Nc3 a6 10. Qe2 Re8 11. Rd1 Qc7 12. Be3 Bd7 13. Rac1 Qb8 14. Bg5 Kh8 15.
e5 Ng8 16. Qe4 g6 17. Qh4 Qd8 18. exd6 Bxg5 19. Nxg5 Kg7 20. Qxh7+ 1-0

[Event "CAN-op"]
[Site "Winnipeg CAN"]
[Date "1997.??.??"]
[Round "4"]
[White "Brodie, Hugh"]
[Black "Rodrigues, Tony"]
[Result "1/2-1/2"]
[WhiteElo "2080"]
[BlackElo "1700"]
[PlyCount "80"]
[EventDate "1997.07.12"]
[EventType "swiss"]
[EventRounds "10"]
[EventCountry "CAN"]

1. e4 e6 2. d3 g6 3. Nd2 Bg7 4. Ngf3 Ne7 5. g3 O-O 6. Bg2 f5 7. e5 d6 8. Qe2 d5
9. d4 c6 10. O-O b5 11. Nb3 a5 12. Nc5 Na6 13. Nd3 Nc7 14. c3 Kh8 15. Bg5 Qe8
16. Bxe7 Qxe7 17. Nd2 Bb7 18. Nb3 Rfb8 19. Nbc5 Na6 20. f4 Bf8 21. g4 Qe8 22.
gxf5 Nxc5 23. Nxc5 Bxc5 24. dxc5 gxf5 25. Rf3 Qe7 26. Qf2 Rg8 27. Kh1 Rg7 28.
Rh3 Bc8 29. Bf3 Bd7 30. Rg1 Rag8 31. Rhg3 Qd8 32. Rxg7 Rxg7 33. Rxg7 Kxg7 34.
Qg3+ Kh8 35. Kg2 Qe7 36. Qf2 Be8 37. Kh3 h6 38. Qh4 Qxh4+ 39. Kxh4 Kg7 40. Be2
a4 1/2-1/2

[Event "CAN-op"]
[Site "Winnipeg CAN"]
[Date "1997.??.??"]
[Round "5"]
[White "Freese, Mitchell"]
[Black "Brodie, Hugh"]
[Result "0-1"]
[WhiteElo "2850"]
[BlackElo "2080"]
[PlyCount "102"]
[EventDate "1997.07.12"]
[EventType "swiss"]
[EventRounds "10"]
[EventCountry "CAN"]

1. e4 c5 2. Nf3 Nc6 3. c3 d5 4. exd5 Qxd5 5. Be2 Nf6 6. O-O Bf5 7. d3 e6 8. Re1
Be7 9. Bf4 O-O 10. c4 Qd7 11. Ne5 Nxe5 12. Bxe5 Rad8 13. Nc3 Bxd3 14. Bxd3 Qxd3
15. Qb3 Qd7 16. Rad1 Qc8 17. Nb5 a6 18. Nc3 Qc6 19. Qc2 Rxd1 20. Qxd1 Rd8 21.
Qc2 Ng4 22. Bg3 Nh6 23. Bf4 Nf5 24. Ne4 Nd4 25. Qb1 Qd7 26. Bg5 b6 27. Bf4 Qc6
28. Ng5 Bxg5 29. Bxg5 f6 30. Be3 e5 31. Kf1 Qe6 32. b3 Qg4 33. Qd3 Qh5 34. h3
f5 35. Bc1 e4 36. Qd1 Qh4 37. Re3 Nf3 38. Qe2 Ng5 39. Rg3 Ne6 40. Bb2 Qh6 41.
Qe1 Qh5 42. f3 Rd3 43. Kg1 Nd4 44. Bxd4 Rxd4 45. Kh2 Qe8 46. fxe4 Rxe4 47. Qc3
Qe5 48. Qd3 Rd4 49. Qf3 Qe4 50. Qc3 g6 51. Qe3 f4 0-1

[Event "CAN-op"]
[Site "Winnipeg CAN"]
[Date "1997.??.??"]
[Round "7"]
[White "Lukic, Luka"]
[Black "Brodie, Hugh"]
[Result "0-1"]
[WhiteElo "1925"]
[BlackElo "2080"]
[PlyCount "54"]
[EventDate "1997.07.12"]
[EventType "swiss"]
[EventRounds "10"]
[EventCountry "CAN"]

1. d4 e6 2. c4 f5 3. Nf3 Nf6 4. Nc3 Bb4 5. Bd2 O-O 6. a3 Bxc3 7. Bxc3 b6 8. g3
Bb7 9. Bg2 Qe8 10. e3 d6 11. O-O Nbd7 12. b4 Ne4 13. Bb2 Ndf6 14. Ng5 Rb8 15.
Nxe4 Nxe4 16. Bxe4 fxe4 17. d5 Qg6 18. f4 exf3 19. Rxf3 e5 20. h3 Qe4 21. Rxf8+
Rxf8 22. Qe2 Rf3 23. Re1 Rxg3+ 24. Kh2 Rf3 25. Qg2 Bc8 26. Rf1 Rxh3+ 27. Kg1
Qxe3+ 0-1

[Event "RA Winter op"]
[Site "Ottawa CAN"]
[Date "1997.??.??"]
[Round "1"]
[White "Brodie, Hugh"]
[Black "Watson, Mark"]
[Result "1/2-1/2"]
[WhiteElo "2085"]
[BlackElo "1670"]
[PlyCount "88"]
[EventDate "1997.??.??"]
[EventType "swiss"]
[EventRounds "5"]
[EventCountry "CAN"]

1. e4 e6 2. d4 d5 3. e5 c5 4. c3 Bd7 5. Nf3 Be7 6. Bd3 c4 7. Be2 Nc6 8. O-O f6
9. exf6 Bxf6 10. b3 b5 11. Bf4 Nge7 12. Nbd2 Nf5 13. Ne5 Nxe5 14. Bxe5 O-O 15.
Bxf6 Qxf6 16. Nf3 Rab8 17. Ne5 Be8 18. b4 Nd6 19. Qc2 Nf7 20. f4 Nd6 21. g3 Rb7
22. Bf3 Nf5 23. Qe2 Bg6 24. Rfe1 Re8 25. Nxg6 hxg6 26. a4 Nd6 27. Qe5 Rb6 28.
Qxf6 gxf6 29. axb5 Rb7 30. Re3 Kf7 31. Ra6 Nxb5 32. f5 Nc7 33. fxe6+ Ke7 34.
Ra5 Kd6 35. Kf2 Rxe6 36. Rxe6+ Kxe6 37. Ke3 Nb5 38. Kd2 Rb6 39. Ra1 Rd6 40. h4
a6 41. Re1+ Kf7 42. Re3 Nc7 43. Bg4 Kf8 44. Re1 Kf7 1/2-1/2

[Event "RA Winter op"]
[Site "Ottawa CAN"]
[Date "1997.??.??"]
[Round "2"]
[White "Sarkar, Prosanto"]
[Black "Brodie, Hugh"]
[Result "0-1"]
[WhiteElo "2315"]
[BlackElo "2085"]
[PlyCount "89"]
[EventDate "1997.??.??"]
[EventType "swiss"]
[EventRounds "5"]
[EventCountry "CAN"]

1. e4 c5 2. Nf3 Nc6 3. c3 d5 4. exd5 Qxd5 5. d4 Bg4 6. Be2 Nf6 7. dxc5 Qxc5 8.
Be3 Qa5 9. Qb3 Qc7 10. Na3 e6 11. Nb5 Qc8 12. Bf4 Nd5 13. Nd6+ Bxd6 14. Bxd6
Qd7 15. Qa3 O-O-O 16. Bg3 f6 17. O-O e5 18. b4 Qe7 19. Rfe1 Be6 20. Qc1 Nb6 21.
Nd2 Qd7 22. Ne4 Bc4 23. Nc5 Qd2 24. Bg4+ Kb8 25. a4 Qxc1 26. Rexc1 Ka8 27. b5
Na5 28. Bf3 Rd2 29. Nxb7 Nxb7 30. a5 Nd5 31. Ra4 Nd6 32. b6 a6 33. h4 Kb7 34.
h5 Rc8 35. Raa1 Be2 36. Bxe2 Rxe2 37. Rd1 Rc5 38. c4 Nxc4 39. Rac1 Kc6 40. f4
Nxa5 41. Rxc5+ Kxc5 42. Bf2+ Rxf2 43. Kxf2 exf4 44. Rc1+ Kxb6 45. Rc8 0-1

[Event "RA Winter op"]
[Site "Ottawa CAN"]
[Date "1997.??.??"]
[Round "4"]
[White "Brodie, Hugh"]
[Black "Pacey, Kevin"]
[Result "0-1"]
[WhiteElo "2085"]
[BlackElo "2220"]
[PlyCount "49"]
[EventDate "1997.??.??"]
[EventType "swiss"]
[EventRounds "5"]
[EventCountry "CAN"]

1. e4 Nc6 2. Nc3 e6 3. d4 Bb4 4. Nf3 d6 5. Bd3 e5 6. dxe5 dxe5 7. Bd2 Nge7 8.
h3 h6 9. Ne2 Bc5 10. Bc3 Ng6 11. Qd2 Be6 12. Ng3 a5 13. Nh5 O-O 14. O-O Qe7 15.
Qe2 Bb4 16. Bxb4 axb4 17. Bc4 Rfd8 18. Rfd1 Nf8 19. Ng3 Qc5 20. Bxe6 Nxe6 21.
Rxd8+ Rxd8 22. Nf5 Nf4 23. Qe3 Qxc2 24. Nxe5 Ne2+ 25. Kf1 0-1

[Event "RA Winter op"]
[Site "Ottawa CAN"]
[Date "1997.??.??"]
[Round "5"]
[White "Rulloda, Rogelio"]
[Black "Brodie, Hugh"]
[Result "1-0"]
[WhiteElo "2275"]
[BlackElo "2085"]
[PlyCount "117"]
[EventDate "1997.??.??"]
[EventType "swiss"]
[EventRounds "5"]
[EventCountry "CAN"]

1. e4 c5 2. Nf3 Nc6 3. d4 cxd4 4. Nxd4 g6 5. Bc4 Bg7 6. c3 Nf6 7. Nxc6 bxc6 8.
e5 Nd5 9. Bxd5 cxd5 10. Qxd5 Rb8 11. O-O Bb7 12. Qd4 O-O 13. Re1 d6 14. Bf4
dxe5 15. Bxe5 Qxd4 16. cxd4 Bxe5 17. dxe5 Rfd8 18. Na3 Ba6 19. b3 Rd2 20. h3
Kf8 21. Re4 Rc8 22. Ra4 Rc6 23. Nc4 Bxc4 24. bxc4 Rc2 25. Rxa7 R6xc4 26. Rd1
Re4 27. Rd8+ Kg7 28. Rxe7 Ree2 29. e6 Rxf2 30. Rxf7+ Rxf7 31. exf7 Kxf7 32.
Rd7+ Ke6 33. Ra7 Ke5 34. a4 Ra2 35. a5 Kf4 36. Kh2 h5 37. a6 h4 38. Ra8 Kg5 39.
Kg1 Kf4 40. Rf8+ Kg5 41. Ra8 Kf4 42. Kh2 Ra3 43. Ra7 Ra1 44. Rf7+ Ke4 45. a7
Ke5 46. g4 hxg3+ 47. Kxg3 Ke6 48. Rb7 Kf5 49. Kf3 Ra3+ 50. Ke2 Kf4 51. Kd2 g5
52. Kc2 Ra6 53. Kb3 Kg3 54. Rh7 Rxa7 55. Rxa7 Kxh3 56. Kc2 g4 57. Kd2 Kg2 58.
Ke2 g3 59. Rg7 1-0

[Event "CAN-op"]
[Site "Calgary CAN"]
[Date "1996.??.??"]
[Round "2"]
[White "Brodie, Hugh"]
[Black "Dougherty, Michael"]
[Result "1-0"]
[WhiteElo "2045"]
[BlackElo "2330"]
[PlyCount "99"]
[EventDate "1996.07.13"]
[EventType "swiss"]
[EventRounds "10"]
[EventCountry "CAN"]

1. e4 g6 2. d4 Bg7 3. Nf3 c5 4. c3 b6 5. Bc4 e6 6. O-O Ne7 7. Be3 d5 8. Bd3
cxd4 9. Bxd4 O-O 10. Bxg7 Kxg7 11. exd5 Qxd5 12. Na3 Bb7 13. Re1 Nbc6 14. Be4
Qc5 15. Qe2 Rad8 16. Rad1 a6 17. Nc2 e5 18. Ne3 b5 19. Rxd8 Rxd8 20. Rd1 Bc8
21. Bxc6 Nxc6 22. Rxd8 Nxd8 23. Qd2 Ne6 24. Ng4 Nf4 25. Ngxe5 Qd5 26. Qxd5 Nxd5
27. Nd4 Kf6 28. Nd3 Ke7 29. Kf1 Kd6 30. Ke2 g5 31. g3 h6 32. f3 Bd7 33. Nf2 f5
34. Nd1 Kc5 35. Ne3 Nxe3 36. Kxe3 f4+ 37. Ke2 Be8 38. Kd3 Kd5 39. Kd2 Bg6 40.
gxf4 gxf4 41. Ne2 Ke5 42. Nc1 Bb1 43. Nd3+ Kf5 44. b3 a5 45. a3 Kg5 46. c4 Bc2
47. Kc3 a4 48. cxb5 Bxb3 49. Kd4 Bd1 50. Ke4 1-0

[Event "CAN-op"]
[Site "Calgary CAN"]
[Date "1996.??.??"]
[Round "3"]
[White "Frialde, Arniel"]
[Black "Brodie, Hugh"]
[Result "1-0"]
[WhiteElo "2310"]
[BlackElo "2045"]
[PlyCount "53"]
[EventDate "1996.07.13"]
[EventType "swiss"]
[EventRounds "10"]
[EventCountry "CAN"]
[SourceDate "2003.08.17"]

1. Nf3 f5 2. g3 Nf6 3. Bg2 e6 4. d4 d5 5. O-O Bd6 6. c4 c6 7. Bf4 Bxf4 8. gxf4
O-O 9. Nbd2 Qe8 10. e3 Nbd7 11. b4 Ne4 12. Rc1 Ndf6 13. a4 Bd7 14. Ne5 Qe7 15.
c5 Nxd2 16. Qxd2 Rfc8 17. Qb2 Rab8 18. b5 b6 19. bxc6 Bxc6 20. cxb6 Rxb6 21.
Qc3 Bb7 22. Qa5 Ba6 23. Rxc8+ Bxc8 24. Rc1 Ba6 25. Bf1 Bxf1 26. Qxa7 Rb7 27.
Rc8+ 1-0

[Event "CAN-op"]
[Site "Calgary CAN"]
[Date "1996.??.??"]
[Round "4"]
[White "Brodie, Hugh"]
[Black "Marks, Terry"]
[Result "1-0"]
[WhiteElo "2040"]
[BlackElo "1680"]
[PlyCount "43"]
[EventDate "1996.07.13"]
[EventType "swiss"]
[EventRounds "10"]
[EventCountry "CAN"]
[SourceDate "2003.08.17"]

1. e4 e6 2. d4 d5 3. e5 c5 4. c3 Nc6 5. Nf3 Qb6 6. Bd3 cxd4 7. cxd4 Bd7 8. O-O
f6 9. exf6 gxf6 10. Nc3 Bd6 11. Re1 Nge7 12. Nb5 Nb4 13. Nxd6+ Qxd6 14. Bb1 Rc8
15. a3 Nbc6 16. Bh6 Kf7 17. Nh4 Ng6 18. Qh5 Nce7 19. Bd2 Qb6 20. Bb4 Qxd4 21.
Bxe7 Kxe7 22. Nf5+ 1-0

[Event "CAN-op"]
[Site "Calgary CAN"]
[Date "1996.??.??"]
[Round "5"]
[White "Brodie, Hugh"]
[Black "Maric, Victor"]
[Result "1/2-1/2"]
[WhiteElo "2045"]
[BlackElo "2190"]
[PlyCount "100"]
[EventDate "1996.07.13"]
[EventType "swiss"]
[EventRounds "10"]
[EventCountry "CAN"]
[SourceDate "2003.08.17"]

1. e4 c5 2. Nf3 d6 3. c3 Nf6 4. Bd3 Nc6 5. Bc2 Bg4 6. h3 Bh5 7. O-O e6 8. Re1
Be7 9. d3 O-O 10. Nbd2 Rc8 11. Nf1 b5 12. Ng3 Bg6 13. d4 cxd4 14. cxd4 Qc7 15.
Bb1 Na5 16. Bd3 Qb6 17. Qe2 a6 18. Bf4 Nh5 19. Nxh5 Bxh5 20. g4 Bg6 21. Rac1
Nc6 22. Be3 Qb7 23. Bb1 Qd7 24. a3 d5 25. e5 Na5 26. Bg5 Nc4 27. Bxe7 Qxe7 28.
Rc3 Rc7 29. Rec1 Rfc8 30. Bxg6 hxg6 31. Qc2 Rc6 32. Kh2 a5 33. Qb3 Qb7 34. R3c2
Qb6 35. Kg3 Kf8 36. Qd3 Nxb2 37. Rxc6 Rxc6 38. Qd2 Nc4 39. Qg5 Rc8 40. Ra1 Qd8
41. Qf4 Qe7 42. h4 Nxa3 43. h5 Ke8 44. hxg6 fxg6 45. Qd2 b4 46. Qd3 Rc3 47. Qa6
Nc4 48. Kg2 Kf7 49. Rh1 Rxf3 50. Kxf3 Qd8 1/2-1/2

[Event "CAN-op"]
[Site "Calgary CAN"]
[Date "1996.??.??"]
[Round "7"]
[White "Philip, Tim"]
[Black "Brodie, Hugh"]
[Result "1/2-1/2"]
[WhiteElo "2185"]
[BlackElo "2045"]
[PlyCount "119"]
[EventDate "1996.07.13"]
[EventType "swiss"]
[EventRounds "10"]
[EventCountry "CAN"]
[SourceDate "2003.08.17"]

1. d4 e6 2. c4 f5 3. Nf3 Nf6 4. g3 d5 5. Bg2 c6 6. O-O Bd6 7. b3 Qe7 8. a4 a5
9. Ba3 Na6 10. Bxd6 Qxd6 11. Qc1 O-O 12. Na3 b6 13. Qf4 Qxf4 14. gxf4 Nb4 15.
Ne5 Ba6 16. Rac1 Rac8 17. Rfd1 Rfd8 18. e3 c5 19. dxc5 bxc5 20. Nb5 Kf8 21. Bf1
Bb7 22. Na7 Ra8 23. Nb5 Rac8 24. Be2 Ke7 25. Na7 Ra8 26. Nb5 Rac8 27. Kf1 Ne4
28. Na7 Ra8 29. Nb5 Rac8 30. f3 Nf6 31. Na7 Ra8 32. Nb5 Rac8 33. Kf2 Nh5 34.
cxd5 exd5 35. Na7 Rc7 36. Nb5 Rcc8 37. Nd3 Nxd3+ 38. Rxd3 Ba6 39. Rdc3 Bxb5 40.
Bxb5 Kd6 41. Rd1 Nf6 42. Ke2 Ke6 43. Rdc1 Kd6 44. Rd1 Ke6 45. Rcd3 Ke7 46. Rc3
Ke6 47. Rc2 Ke7 48. Kf2 Ke6 49. Re1 Kd6 50. Bd3 g6 51. Ke2 Rb8 52. Bb5 Rbc8 53.
Rec1 Rc7 54. Kd3 Nh5 55. Kc3 Re7 56. Re2 Rb8 57. Rce1 Nf6 58. Bd3 Rbe8 59. Kc2
Kc7 60. Bb5 1/2-1/2

[Event "CAN-op"]
[Site "Calgary CAN"]
[Date "1996.??.??"]
[Round "8"]
[White "Brodie, Hugh"]
[Black "Niksic, John"]
[Result "1-0"]
[WhiteElo "2045"]
[BlackElo "2130"]
[PlyCount "81"]
[EventDate "1996.07.13"]
[EventType "swiss"]
[EventRounds "10"]
[EventCountry "CAN"]
[SourceDate "2003.08.17"]

1. e4 e6 2. d3 d5 3. Nd2 c5 4. Ngf3 Nc6 5. g3 Nf6 6. Bg2 Qc7 7. O-O Be7 8. Re1
O-O 9. Nf1 b6 10. e5 Nd7 11. Bf4 Rb8 12. h4 b5 13. N1h2 Re8 14. Ng4 Bf8 15. h5
Bb7 16. Ng5 h6 17. Nf3 Rbc8 18. Nh4 Qb6 19. Nh2 Ne7 20. g4 d4 21. g5 Bxg2 22.
Kxg2 hxg5 23. Bxg5 Nf5 24. Qg4 Nxh4+ 25. Qxh4 Qc6+ 26. f3 Kh7 27. Ng4 c4 28.
Re2 Qd5 29. Rg1 cxd3 30. cxd3 Rc7 31. Bd8 Nxe5 32. Nxe5 Qxd8 33. Qe4+ f5 34.
Qf4 Bd6 35. Kh1 Rc5 36. Qg3 Bxe5 37. Rxe5 Qf6 38. Rxc5 f4 39. Qg6+ Qxg6 40.
hxg6+ Kg8 41. Rxb5 1-0

[Event "CAN-op"]
[Site "Calgary CAN"]
[Date "1996.??.??"]
[Round "9"]
[White "Vasilev, Yuri"]
[Black "Brodie, Hugh"]
[Result "1-0"]
[WhiteElo "2275"]
[BlackElo "2045"]
[PlyCount "147"]
[EventDate "1996.07.13"]
[EventType "swiss"]
[EventRounds "10"]
[EventCountry "CAN"]
[SourceDate "2003.08.17"]

1. c4 f5 2. d4 e6 3. Nf3 Nf6 4. g3 d5 5. Bg2 c6 6. O-O Bd6 7. b3 Qe7 8. Ne5 O-O
9. Kh1 Nbd7 10. Bb2 Ne4 11. f3 Ng5 12. e3 Nf7 13. f4 Nf6 14. Nd2 Ne4 15. Rc1
Bd7 16. Rc2 b6 17. Nxe4 fxe4 18. Nxd7 Qxd7 19. Bh3 Nh6 20. cxd5 cxd5 21. Qe2
Rac8 22. Rfc1 Nf5 23. Kg2 Rxc2 24. Rxc2 Rc8 25. Kf2 Rxc2 26. Qxc2 Qc7 27. Qxc7
Bxc7 28. Ba3 Kf7 29. g4 Nd6 30. Bf1 g6 31. Ba6 Ke8 32. Bb4 Kd7 33. a4 Bd8 34.
Kg3 Bf6 35. h4 Bd8 36. Kh3 Bf6 37. g5 Be7 38. Bd2 Kc6 39. h5 Kd7 40. hxg6 hxg6
41. Kg4 Ke8 42. Kg3 Kd7 43. Kf2 Kc6 44. Ke2 Kc7 45. Kd1 Kc6 46. Kc2 Kc7 47. Bc3
Nf5 48. Kd2 Nd6 49. Ke2 Kc6 50. Bb4 Kd7 51. a5 Kc6 52. axb6 axb6 53. Kd1 Kd7
54. Kc2 Kc6 55. Kb1 Nf5 56. Bd2 Nd6 57. Kc2 Bd8 58. Bb4 Be7 59. Bxd6 Kxd6 60.
Bb5 Bf8 61. Be8 Ke7 62. Bxg6 Kd7 63. Bh5 Ke7 64. Kc3 Kd7 65. b4 Ke7 66. Kb3 Kd7
67. Ka4 Ke7 68. Kb5 Kd7 69. Bg4 Be7 70. g6 Bf8 71. Kxb6 Ke7 72. Kc6 Kf6 73. b5
Bb4 74. b6 1-0

[Event "CAN-op"]
[Site "Calgary CAN"]
[Date "1996.??.??"]
[Round "10"]
[White "Brodie, Hugh"]
[Black "Profit, Brian"]
[Result "0-1"]
[WhiteElo "2045"]
[BlackElo "2135"]
[PlyCount "124"]
[EventDate "1996.07.13"]
[EventType "swiss"]
[EventRounds "10"]
[EventCountry "CAN"]
[SourceDate "2003.08.17"]

1. f4 g6 2. e4 Bg7 3. d4 d6 4. Nf3 Nf6 5. Nc3 O-O 6. Bd3 Na6 7. O-O c5 8. dxc5
Nxc5 9. Qe2 Bg4 10. Be3 Rc8 11. Rad1 Qa5 12. h3 Bxf3 13. Qxf3 Nxd3 14. Rxd3 Nd7
15. Nd5 Rfe8 16. Ra3 Qd8 17. c3 a6 18. Bd4 Bxd4+ 19. cxd4 Nb6 20. Nxb6 Qxb6 21.
Qf2 Rc4 22. Rd1 Rec8 23. Rd2 Rb4 24. Rc3 Rxc3 25. bxc3 Rb1+ 26. Kh2 Qc6 27. Qe3
Rc1 28. Rd3 Rc2 29. d5 Qc4 30. e5 Qxa2 31. Qg3 Re2 32. exd6 exd6 33. f5 Qc2 34.
Rf3 Qe4 35. c4 b5 36. cxb5 axb5 37. fxg6 hxg6 38. Rc3 Qxd5 39. Rc8+ Kg7 40.
Qc3+ Qe5+ 41. Kg1 Qxc3 42. Rxc3 b4 43. Rd3 Re5 44. Rxd6 Rb5 45. Rd2 b3 46. Rb2
Kf6 47. Kf2 Ke5 48. Ke3 Rb4 49. g3 f5 50. Kd3 f4 51. Kc3 Rb6 52. Re2+ Kf5 53.
gxf4 b2 54. Rxb2 Rxb2 55. Kxb2 Kxf4 56. h4 Kg4 57. Kc2 Kxh4 58. Kd3 g5 59. Ke2
g4 60. Kf1 Kh3 61. Kg1 Kg3 62. Kh1 Kf2 0-1

[Event "RA Winter op"]
[Site "Ottawa CAN"]
[Date "1996.??.??"]
[Round "1"]
[White "Djerkovic, Miladin"]
[Black "Brodie, Hugh"]
[Result "1/2-1/2"]
[WhiteElo "2325"]
[BlackElo "2045"]
[PlyCount "120"]
[EventDate "1996.01.12"]
[EventType "swiss"]
[EventRounds "5"]
[EventCountry "CAN"]

1. e4 c5 2. Nf3 Nc6 3. d4 cxd4 4. Nxd4 g6 5. Nc3 Bg7 6. Be3 Nf6 7. Bc4 Qa5 8.
O-O O-O 9. Bb3 d6 10. h3 Bd7 11. f4 Nxd4 12. Bxd4 Bc6 13. Qd3 Rac8 14. Rae1 Nd7
15. Bxg7 Kxg7 16. Qd4+ Kg8 17. e5 Qc5 18. Qxc5 Nxc5 19. exd6 exd6 20. Nd5 Nxb3
21. Ne7+ Kg7 22. Nxc8 Nd2 23. Nxa7 Nxf1 24. Nxc6 bxc6 25. Kxf1 Ra8 26. a3 Kf6
27. Kf2 h5 28. Kf3 Ra7 29. g4 hxg4+ 30. hxg4 g5 31. f5 Ra4 32. Re4 Ra8 33. b3
Rh8 34. a4 Ra8 35. Rb4 c5 36. Rb7 d5 37. Rd7 d4 38. Rc7 Rd8 39. Ke4 Re8+ 40.
Kd5 Re5+ 41. Kc4 Re2 42. Rxc5 Rxc2+ 43. Kxd4 Rg2 44. Rc6+ Ke7 45. Ke5 f6+ 46.
Kd5 Rxg4 47. Rc7+ Kd8 48. Rc4 Rg3 49. b4 Kd7 50. Kc5 Rf3 51. Rd4+ Kc7 52. Rd5
g4 53. b5 g3 54. b6+ Kc8 55. Rd1 g2 56. Kc6 Rc3+ 57. Kb5 Rd3 58. Rg1 Kb7 59.
Rxg2 Rd5+ 60. Kb4 Kxb6 1/2-1/2

[Event "RA Winter op"]
[Site "Ottawa CAN"]
[Date "1996.??.??"]
[Round "2"]
[White "Simic, Dusan"]
[Black "Brodie, Hugh"]
[Result "1/2-1/2"]
[WhiteElo "2310"]
[BlackElo "2040"]
[PlyCount "100"]
[EventDate "1996.01.12"]
[EventType "swiss"]
[EventRounds "5"]
[EventCountry "CAN"]

1. c4 f5 2. d4 e6 3. Nc3 Nf6 4. g3 d5 5. Bg2 c6 6. Nf3 Bd6 7. O-O O-O 8. Ne5
Bd7 9. Bg5 Qc7 10. c5 Be7 11. f3 Be8 12. b4 Nbd7 13. Nd3 Bf7 14. e4 h6 15. Bf4
Qd8 16. b5 Qa5 17. Bd2 Qc7 18. Bf4 Qa5 19. Bd2 Qc7 20. e5 Ne8 21. f4 g5 22. g4
Ng7 23. Qe2 Bg6 24. h3 Rac8 25. Rac1 Rf7 26. Rf2 Rcf8 27. Rcf1 Kh7 28. Kh1 Qc8
29. Kg1 Qc7 30. Kh1 Qc8 31. a4 Qc7 32. Be3 Nb8 33. Qd2 Qd8 34. Ne2 Rh8 35. Kg1
Rhf8 36. Ng3 Kg8 37. Ne2 Kh7 38. Rb1 fxg4 39. hxg4 gxf4 40. Rxf4 Bg5 41. Rxf7
Rxf7 42. Rf1 Bxe3+ 43. Qxe3 h5 44. Rxf7 Bxf7 45. Nf2 Nd7 46. Qf4 Bg6 47. Bh3
Qa5 48. Ng3 hxg4 49. Nxg4 Qe1+ 50. Kg2 Nf5 1/2-1/2

[Event "RA Winter op"]
[Site "Ottawa CAN"]
[Date "1996.??.??"]
[Round "4"]
[White "Brodie, Hugh"]
[Black "Danilov, Alex"]
[Result "1/2-1/2"]
[WhiteElo "2040"]
[BlackElo "1766"]
[PlyCount "128"]
[EventDate "1996.01.12"]
[EventType "swiss"]
[EventRounds "5"]
[EventCountry "CAN"]

1. e4 c5 2. Nf3 Nc6 3. Bb5 g6 4. O-O Bg7 5. c3 Nf6 6. Re1 O-O 7. d4 cxd4 8.
cxd4 d5 9. e5 Ne4 10. h3 Bd7 11. Bd3 Bf5 12. Nc3 Nxc3 13. bxc3 Bxd3 14. Qxd3 e6
15. Rb1 Qd7 16. Qb5 b6 17. Ba3 Rfc8 18. Re3 Rab8 19. Rd3 a6 20. Qb3 Na5 21. Qd1
Rc4 22. Bb4 Nb7 23. Nd2 Rc6 24. Qa4 b5 25. Qd1 a5 26. Ba3 Rbc8 27. Rxb5 Rxc3
28. Rxc3 Rxc3 29. Rb3 Rc8 30. Qb1 Nd8 31. Rb8 Bh6 32. Rxc8 Qxc8 33. Qb5 Nc6 34.
Nb3 Bg5 35. Bc5 Bd8 36. a4 Kg7 37. Kf1 f6 38. f4 Kf7 39. Ke2 Be7 40. Kd3 Bd8
41. Kc3 g5 42. g3 Ne7 43. Kd2 Nc6 44. Qd3 f5 45. Qb5 Kg6 46. Ke3 Kf7 47. Kd2 h5
48. Ke3 Kg6 49. Nd2 g4 50. hxg4 hxg4 51. Nb3 Qc7 52. Nd2 Ne7 53. Qe8+ Kg7 54.
Qb5 Qc6 55. Bxe7 Qc3+ 56. Qd3 Qxd3+ 57. Kxd3 Bxe7 58. Ke2 Bb4 59. Kd3 Kf7 60.
Ke2 Ke7 61. Kd3 Kd7 62. Ke2 Be7 63. Kd3 Kc6 64. Kc3 Bb4+ 1/2-1/2

[Event "RA Winter op"]
[Site "Ottawa CAN"]
[Date "1996.??.??"]
[Round "5"]
[White "Apostolov, Penka"]
[Black "Brodie, Hugh"]
[Result "1-0"]
[WhiteElo "1985"]
[BlackElo "2040"]
[PlyCount "61"]
[EventDate "1996.01.12"]
[EventType "swiss"]
[EventRounds "5"]
[EventCountry "CAN"]

1. d4 e6 2. Nf3 f5 3. g3 Nf6 4. Bg2 d5 5. O-O Bd6 6. c4 c6 7. b3 Qe7 8. Bb2 O-O
9. Qc1 Ne4 10. Ne5 Nd7 11. Nxd7 Bxd7 12. Ba3 Rac8 13. Bxd6 Qxd6 14. Qe3 b6 15.
Nd2 c5 16. Rad1 Qc7 17. Nxe4 fxe4 18. dxc5 Bc6 19. cxb6 axb6 20. cxd5 exd5 21.
Bh3 Ra8 22. Be6+ Kh8 23. Bxd5 Bxd5 24. Rxd5 Rxa2 25. Rb5 Rf6 26. Qxe4 h6 27.
Re5 Qd6 28. Re7 Qc5 29. Re8+ Rf8 30. Rxf8+ Qxf8 31. Rc1 1-0